Comunidades Imaginadas (Record no. 28)

MARC details
000 -LEADER
campo de control de longitud fija 01154nam a22001937a 4500
003 - IDENTIFICADOR DE NÚMERO DE CONTROL
campo de control DNLM
005 - FECHA Y HORA DE LA ÚLTIMA TRANSACCIÓN
campo de control 20220326193246.0
008 - DATOS DE LONGITUD FIJA--INFORMACIÓN GENERAL
campo de control de longitud fija 140329b xxu||||| |||| 00| 0 eng d
020 ## - NÚMERO INTERNACIONAL ESTÁNDAR DEL LIBRO
Número Internacional Estándar del Libro 9789681638672
040 ## - FUENTE DE CATALOGACIÓN
Centro/agencia transcriptor ##$aCtY$cMH
082 ## - NÚMERO DE LA CLASIFICACIÓN DECIMAL DEWEY
Número de clasificación 320.54
Número de ítem A545c
100 ## - ENTRADA PRINCIPAL--NOMBRE DE PERSONA
Nombre de persona Anderson, Benedict
9 (RLIN) 188
245 ## - MENCIÓN DEL TÍTULO
Título Comunidades Imaginadas
Resto del título Reflexiones sobre el origen y la difusión del nacionalismo
250 ## - MENCION DE EDICION
Mención de edición Quinta edición
260 ## - PUBLICACIÓN, DISTRIBUCIÓN, ETC.
Lugar de publicación, distribución, etc. México, D. F.
Nombre del editor, distribuidor, etc. Fondo de Cultura Económica
Fecha de publicación, distribución, etc. 2011
300 ## - DESCRIPCIÓN FÍSICA
Extensión 320 p.
Otras características físicas ill (a color)
Dimensiones 17 cm
505 ## - NOTA DE CONTENIDO CON FORMATO
Título Reconocimientos
-- Prólogo a la Segunda Edición
-- I. Introducción Conceptos y definiciones
-- II. Las raíces culturales Las comunidades religiosas El reino dinástico Las aprehensiones del tiempo
-- III. El origen de la conciencia nacional
-- IV. Los pioneros criollos
-- V. Lenguas antiguas, modelos nuevos
-- VI. El nacionalismo oficial y el imperialismo
-- VII. La última oleada
-- VIII. Patriotismo y racismo
-- IX. El ángel de la historia
-- X. El censo, el mapa y el museo El censo El mapa El museo
-- XI. La memoria y el olvido
-- Bibliografía
-- Índice analítico
610 ## - PUNTO DE ACCESO ADICIONAL DE MATERIA--NOMBRE DE ENTIDAD CORPORATIVA
Subdivisión general Nacionalismo
-- Comunidades
-- Benedict Anderson
9 (RLIN) 189
Holdings
Estatus retirado Estado de pérdida Fuente del sistema de clasificación o colocación Estado de daño No para préstamo Biblioteca de origen Biblioteca actual Ubicación en estantería Fecha de adquisición Total de préstamos Signatura topográfica completa Código de barras Visto por última vez Precio de reemplazo Tipo de ítem Koha
    Clasificación Decimal Dewey     Biblioteca LadoV Biblioteca LadoV   29/03/2014   320.54 A545c 000015 29/03/2014 29/03/2014 Material 01